000 01210cam a2200337 a 4500
999 _c21674
_d21674
001 532082
003 ARRUPE
005 20170727125343.0
008 870320s1988 enk b 001 0deng
010 _a 87007818
020 _a0192192078 :
_c$19.50 (U.S.)
020 _a019289188X (pbk.) :
_c$7.50 (U.S.)
040 _aDLC
_cDLC
_dDLC
043 _ae------
050 0 0 _aB816
_b.W66 1988
082 0 0 _a146/.44
_219
100 1 _aWoolhouse, R. S.
_933763
245 1 4 _aThe empiricists /
_cR.S. Woolhouse.
260 _aOxford [England] ;
_aNew York :
_bOxford University Press,
_c1988.
300 _a183 p. ;
_c23 cm.
440 2 _aA History of Western philosophy ;
_v5
_933764
500 _aIncludes index.
500 _a"An OPUS book."
504 _aBibliography: p. [175]-176.
650 0 _aEmpiricism
_xHistory.
_933765
650 0 _aPhilosophy, Modern
_y17th century.
_933133
650 0 _aPhilosophy, Modern
_y18th century.
_933135
856 4 2 _3Publisher description
_uhttp://www.loc.gov/catdir/enhancements/fy0603/87007818-d.html
856 4 1 _3Table of contents only
_uhttp://www.loc.gov/catdir/enhancements/fy0603/87007818-t.html
906 _a7
_bcbc
_corignew
_d1
_eocip
_f19
_gy-gencatlg
942 _2lcc
_cMONOGRAPH